01446nam a22002657a 45000010005000000030006000050050017000110080041000280200018000690400029000870820010001161000016001262450112001422600049002543000053003034900036003565050008003925200547004005210030009475210020009777000031009979420015010289990015010439520122010589830FISKH20260303161815.0260303b cb ||||| |||| 00| 0 eng d a9789833578580 aFISKHbengcFISKHdFISKH a398.2 aYeoh , S.H. aThe woodpecker and the lion :bAdapted from Jakata tales /cRetold by S.H.Yeoh : Illustrated by Steven She  aMalaysia : bFuture Ace Publishing Sdn Bhd , a17 pages : bcolor illustrations ;c19 X 19 cm.  aEverlasting Moral Story Series. aO  aOne day, a strong lion was suffering because a bone was stuck in his throat. He was in great pain and could not eat. A small woodpecker saw the lion and bravely offered to help. Even though the lion was powerful and dangerous, the woodpecker trusted him. The woodpecker carefully went inside the lion’s mouth and removed the bone. The lion felt much better and was saved. Later, when the woodpecker needed help, he went to the lion. However, the lion refused to help him and said that sparing the woodpecker’s life was already a reward.8 a600 bLexile estimate 8 aO bRaz-Plus  aShe , SteveneIllustrator  2ddccBKn0 c9830d9830 00102ddc40708JUVFa002b002cTTP Yellow d2026-03-03l0oYEO 398.2pFIS04779r2026-03-03 14:52:24w2026-03-03yBK